000 00599nac a22001811u 4500
020 _a0070482748
082 0 0 _a658.1511
_bL193
090 _c1059
_d1059
100 _aLal, Jawaharlal.
245 1 0 _aCost accounting /
_cJawaharlal Lal.
250 _a3rd ed.
260 _aNew Delhi :
_bTata McGraw-Hill Pub. Co.,
_c2004.
300 _a876 :
_bill. ;
_c29 cm.
500 _aIncludes index.
650 0 _aCost accounting.
942 _cBB
_k658.1511L193
999 _c1059
_d1059